Online katalóg knižníc regiónu Turca

Veštby na prelom 3. tisícročia (Record no. 22197)

MARC details
000 -LEADER
fixed length control field 01468nam a2200397 a 4500
001 - CONTROL NUMBER
control field 22197
003 - CONTROL NUMBER IDENTIFIER
control field VRT
005 - DATE AND TIME OF LATEST TRANSACTION
control field 20260323124227.0
008 - FIXED-LENGTH DATA ELEMENTS--GENERAL INFORMATION
fixed length control field 240314s1999 xo a r y slo
015 ## - NATIONAL BIBLIOGRAPHY NUMBER
National bibliography number SNBA2000/06-02021
020 ## - INTERNATIONAL STANDARD BOOK NUMBER
International Standard Book Number 8088915260
035 ## - SYSTEM CONTROL NUMBER
System control number SNK000338071
035 ## - SYSTEM CONTROL NUMBER
System control number urn:nbn:sk:snk-amk5h2
035 ## - SYSTEM CONTROL NUMBER
System control number urn:nbn:sk:snk-am00586l
035 ## - SYSTEM CONTROL NUMBER
System control number 18831582-BFA3-4647-85F9-295D67137D9D
039 #9 - LEVEL OF BIBLIOGRAPHIC CONTROL AND CODING DETAIL [OBSOLETE]
Level of rules in bibliographic description 202403141118
Level of effort used to assign nonsubject heading access points VLOAD
Level of effort used to assign subject headings 202402261646
Level of effort used to assign classification VLOAD
Level of effort used to assign subject headings 201601141035
Level of effort used to assign classification VLOAD
Level of effort used to assign subject headings 201503091129
Level of effort used to assign classification VLOAD
040 ## - CATALOGING SOURCE
Original cataloging agency SNK
Language of cataloging slo
Transcribing agency SNK
Description conventions AACR2
041 0# - LANGUAGE CODE
Language code of text/sound track or separate title slo
044 ## - COUNTRY OF PUBLISHING/PRODUCING ENTITY CODE
MARC country code xo
ISO country code SK
080 ## - UNIVERSAL DECIMAL CLASSIFICATION NUMBER
Universal Decimal Classification number 133.3
Edition identifier 1981
100 1# - MAIN ENTRY--PERSONAL NAME
Personal name Silver, Jules
Relationship aut
240 10 - UNIFORM TITLE
Uniform title Prophezeiungen bis zur Schwelle des 3. Jahrtausends
Language of a work Slovensky
245 10 - TITLE STATEMENT
Title Veštby na prelom 3. tisícročia
Statement of responsibility, etc. Jules Silver ; [z nemeckého originálu preložila Eva Dropčová]
260 ## - PUBLICATION, DISTRIBUTION, ETC.
Place of publication, distribution, etc. Bratislava
Name of publisher, distributor, etc. Aktuell
Date of publication, distribution, etc. 1999
300 ## - PHYSICAL DESCRIPTION
Extent 216 s.
Dimensions 21 cm
500 ## - GENERAL NOTE
General note Údaj o prekl. prevzatý z rubu tit. strany
504 ## - BIBLIOGRAPHY, ETC. NOTE
Bibliography, etc. note Bibliogr. s. 215-216
650 07 - SUBJECT ADDED ENTRY--TOPICAL TERM
Topical term or geographic name entry element veštby
General subdivision proroctvá
-- výklady populárno-náučné
Source of heading or term SNK
655 #7 - INDEX TERM--GENRE/FORM
Genre/form data or focus term príručky
Source of term SNK
700 1# - ADDED ENTRY--PERSONAL NAME
Personal name Dropčová, Eva,
Dates associated with a name 1931-2015
Relationship trl
942 ## - ADDED ENTRY ELEMENTS (KOHA)
Source of classification or shelving scheme Dewey Decimal Classification
Koha item type Krásna literatúra pre dospelých
Suppress in OPAC No
949 ## - LOCAL PROCESSING INFORMATION (OCLC)
6 17A0230239
9 P60, <04>, [BOOK], {604}
a snkSC 100996 D1
b snkKSP 2445/2000
949 ## - LOCAL PROCESSING INFORMATION (OCLC)
6 2889056698
a savukPV 2535
949 ## - LOCAL PROCESSING INFORMATION (OCLC)
6 17A0230238
9 P60, <03>, [BOOK], {603}
a snkSC 100996
b snkKSP 2444/2000
s 6100:20140925
Holdings
Stav vyradenia Strata Poškodenie Spôsob nadobudnutia Domovská knižnica Aktuálna knižnica Dátum nadobudnutia Total checkouts Čiarový kód exemplára Date last seen Typ exemplára
      Dar Obecná knižnica Turčianska Štiavnička Obecná knižnica Turčianska Štiavnička 23.03.2026   4738000636 23.03.2026 Krásna literatúra pre dospelých
Projekt je podporený Slovenskou asociáciou knižníc
Prevádzkuje Turčianska knižnica Martin 2026